Рассказы о неизвестных героях: для среднего и старшего школьного возраста

Dettagli Bibliografici
Autore principale: Смирнов С. С. Сергей Сергеевич
Altri autori: Турков А. (автор предисловия)
Lingua:russo
Pubblicazione: Минск, Юнацтва, 1989
Serie:Школьная библиотека
Soggetti:
Natura: Libro
KOHA link:https://koha.lib.tpu.ru/cgi-bin/koha/opac-detail.pl?biblionumber=156071

MARC

LEADER 00000nam0a2200000 4500
001 156071
005 20231031152903.0
010 |a 5788002397 
020 |a RU  |b 89-33980 
035 |a (RuTPU)RU\TPU\book\169270 
090 |a 156071 
100 |a 20090323d1989 de y0rusy5003 ca 
101 0 |a rus 
102 |a BY 
105 |a c z 000ay 
200 1 |a Рассказы о неизвестных героях  |e для среднего и старшего школьного возраста  |f С. С. Смирнов  |g авт. предисл. А. Турков 
210 |a Минск  |c Юнацтва  |d 1989 
215 |a 349 с., [1] л. портр.  |d 21 см 
225 1 |a Школьная библиотека 
610 1 |a Героизм советского народа 
610 1 |a детская литература 
675 |a Р2  |z rus 
700 1 |a Смирнов  |b С. С.  |g Сергей Сергеевич  |4 070 
702 1 |a Турков  |b А.  |4 080 
801 0 |a RU  |b RuMRKP  |c 19950417  |g psbo 
801 1 |a RU  |b 63413507  |c 20090323  |g PSBO 
801 2 |a RU  |b 63413507  |c 20090323  |g PSBO 
942 |c BK